Il pane loro /

Gorde:
Xehetasun bibliografikoak
Egile nagusia: Mencherini, Stefano (Egilea)
Formatua: Liburua
Hizkuntza:italiera
Argitaratua: Lecce : P. Manni, stampa 2001
Etiketak: Etiketa erantsi
Etiketarik gabe, Izan zaitez lehena erregistro honi etiketa jartzen!

MARC

LEADER 00000nam a2200000 i 4500
001 IT\ICCU\MOD\0610761
003 ItRI
005 20240130174918.0
008 011204s2001 it |||||| ||||| |||||c
020 |a 8881762218 
040 |b ita  |c GP 
041 7 |a ita  |2 ISO-639-2 
100 1 |a Mencherini, Stefano  |0 IT\ICCU\MODV\177051  |4 aut 
245 1 3 |a Il pane loro /  |c Stefano Mencherini ; con testi di Franco Loi ... [et al.]. 
260 |a Lecce :  |b P. Manni,  |c stampa 2001 
300 |a 64 p. ;  |c 21 cm 
500 |a Sul front.: Anmil: Associazione Nazionale Mutilati ed Invalidi del Lavoro. 
942 |2 ddc  |c BK 
952 |0 0  |1 0  |2 ddc  |4 0  |6 852_000000000000000_MEN  |7 1  |9 549  |a RM  |b RM  |d 2024-01-30  |l 0  |o 852 MEN  |p 41  |r 2024-01-30 17:49:40  |w 2024-01-30  |y BK 
981 1 |6 z01  |a i   |b xxxe  
982 1 |6 z01  |a n 
999 |c 486  |d 486